KOHA-Header-6

Schaum's Outline Series Theory and Problems of Macroeconomic (Record no. 7820)

000 -LEADER
fixed length control field 00302nam a2200109Ia 4500
100 ## - MAIN ENTRY--AUTHOR NAME
Personal name Eugene Diulio
245 #0 - TITLE STATEMENT
Title Schaum's Outline Series Theory and Problems of Macroeconomic
260 ## - PUBLICATION, DISTRIBUTION, ETC. (IMPRINT)
Place of publication New York
Name of publisher Tata McGraw Hill
Year of publication 2003
300 ## - PHYSICAL DESCRIPTION
Number of Pages 290
942 ## - ADDED ENTRY ELEMENTS (KOHA)
Koha item type Books
Holdings
Withdrawn status Lost status Collection code Permanent Location Current Location Shelving location Date acquired Full call number Accession Number Koha item type
    Economics MAJU MAJU Shelf No.A48 2019-09-12 005.2 1985 Economics

Powered by Koha